American Capitalism : the Concept of Countervailing Power

محفوظ في:
التفاصيل البيبلوغرافية
المؤلف الرئيسي: Galbraith John
التنسيق: كتاب
منشور في: Boston : Houghton mifflin co., 1956.
الطبعة:Revised ed.
الموضوعات:
الوسوم: إضافة وسم
لا توجد وسوم, كن أول من يضع وسما على هذه التسجيلة!

MARC

LEADER 00000nam a2200000 4500
020 |a NA  |c NA 
040 |a MUL  |b eng.  |e AACR 
082 |a 330.15 GAL 
100 |a Galbraith John  
245 |a American Capitalism :   |b the Concept of Countervailing Power  |c / John Galbraith 
250 |a Revised ed. 
260 |a Boston :  |b Houghton mifflin co.,  |c 1956. 
300 |a 208 p. ;  |c 20 cm. 
504 |a Includes index. 
546 |a eng. 
650 |a Capitalism  |z America 
942 |c BK 
999 |c 8116  |d 8116